000 00257nam a2200109Ia 4500
008 220204s9999 xx 000 0 und d
082 _a915(540)
_bGOP
100 _aGopalSingh
245 0 _aGeography of India
260 _aDelhi
_bAtma Ram
_c1976
942 _cBK
999 _c28851
_d28851